[Event "Russian Blitz Team Championship (m)"]
[Site "Sochi"]
[Date "2022.10.17"]
[Round "13.11"]
[White "Truskavetsky, Alexandr"]
[Black "Drygalov, Andrey"]
[Result "0-1"]
[BlackElo "2498"]
[WhiteElo "2319"]
[LiveChessVersion "1.4.8"]

1. d4 {[%clk 0:03:03]} Nf6 {[%clk 0:03:03]} 2. c4 {[%clk 0:03:03]} e6
{[%clk 0:03:04]} 3. Nf3 {[%clk 0:03:02]} d5 {[%clk 0:03:06]} 4. Nc3
{[%clk 0:03:02]} c6 {[%clk 0:03:07]} 5. g3 {[%clk 0:03:02]} dxc4 {[%clk 0:03:08]}
6. Bg2 {[%clk 0:03:02]} Nbd7 {[%clk 0:03:09]} 7. O-O {[%clk 0:03:00]} Be7
{[%clk 0:03:10]} 8. a4 {[%clk 0:02:51]} a5 {[%clk 0:03:11]} 9. e4
{[%clk 0:02:51]} O-O {[%clk 0:03:09]} 10. Qe2 {[%clk 0:02:45]} b6
{[%clk 0:03:09]} 11. Rd1 {[%clk 0:02:43]} Ba6 {[%clk 0:03:04]} 12. d5
{[%clk 0:02:34]} cxd5 {[%clk 0:02:04]} 13. exd5 {[%clk 0:02:35]} exd5
{[%clk 0:01:56]} 14. Nxd5 {[%clk 0:01:56]} Nxd5 {[%clk 0:01:52]} 15. Rxd5
{[%clk 0:01:56]} Bb7 {[%clk 0:01:45]} 16. Rd1 {[%clk 0:01:56]} Qe8
{[%clk 0:01:34]} 17. Qxc4 {[%clk 0:01:55]} Bc5 {[%clk 0:01:28]} 18. Bf4
{[%clk 0:01:43]} Rc8 {[%clk 0:01:19]} 19. Qd3 {[%clk 0:01:41]} Nf6
{[%clk 0:01:18]} 20. Re1 {[%clk 0:01:24]} Qd8 {[%clk 0:01:19]} 21. Qxd8
{[%clk 0:01:19]} Rfxd8 {[%clk 0:01:19]} 22. Be3 {[%clk 0:01:06]} Bxe3
{[%clk 0:01:06]} 23. Rxe3 {[%clk 0:01:06]} Nd5 {[%clk 0:01:05]} 24. Re5
{[%clk 0:00:54]} Nb4 {[%clk 0:01:02]} 25. Rb5 {[%clk 0:00:49]} Rd6
{[%clk 0:01:01]} 26. b3 {[%clk 0:00:48]} f6 {[%clk 0:00:52]} 27. Nh4
{[%clk 0:00:40]} Ba6 {[%clk 0:00:38]} 28. Rf5 {[%clk 0:00:40]} g5
{[%clk 0:00:30]} 29. Nf3 {[%clk 0:00:37]} Bd3 {[%clk 0:00:29]} 30. Bh3
{[%clk 0:00:11]} Bxf5 {[%clk 0:00:27]} 31. Bxf5 {[%clk 0:00:12]} Rcd8
{[%clk 0:00:28]} 32. Kg2 {[%clk 0:00:06]} Rd1 {[%clk 0:00:29]} 33. Rxd1
{[%clk 0:00:06]} Rxd1 {[%clk 0:00:30]} 34. h4 {[%clk 0:00:07]} h6
{[%clk 0:00:29]} 35. hxg5 {[%clk 0:00:07]} hxg5 {[%clk 0:00:30]} 36. Nh2
{[%clk 0:00:08]} Kg7 {[%clk 0:00:25]} 37. Ng4 {[%clk 0:00:08]} Rd2
{[%clk 0:00:24]} 38. Ne3 {[%clk 0:00:07]} Nd3 {[%clk 0:00:21]} 39. Nc4
{[%clk 0:00:05]} Rxf2+ {[%clk 0:00:22]} 0-1

[Event "Russian Blitz Team Championship (m)"]
[Site "Sochi"]
[Date "2022.10.17"]
[Round "13.12"]
[White "Khegay, Dmitriy"]
[Black "Derjabin, Ilja"]
[Result "1-0"]
[BlackElo "2341"]
[WhiteElo "2457"]
[LiveChessVersion "1.4.8"]

1. d4 {[%clk 0:03:03]} Nf6 {[%clk 0:03:03]} 2. Bf4 {[%clk 0:03:04]} c5
{[%clk 0:03:02]} 3. e3 {[%clk 0:03:05]} g6 {[%clk 0:02:55]} 4. Nf3
{[%clk 0:03:05]} Bg7 {[%clk 0:02:57]} 5. Be2 {[%clk 0:03:06]} O-O
{[%clk 0:02:57]} 6. O-O {[%clk 0:03:07]} b6 {[%clk 0:02:57]} 7. a4
{[%clk 0:03:03]} cxd4 {[%clk 0:02:42]} 8. exd4 {[%clk 0:03:04]} d6
{[%clk 0:02:39]} 9. c3 {[%clk 0:02:59]} Ba6 {[%clk 0:02:33]} 10. Bb5
{[%clk 0:02:55]} Nd5 {[%clk 0:02:29]} 11. Bg3 {[%clk 0:02:55]} Bb7
{[%clk 0:02:10]} 12. Re1 {[%clk 0:02:56]} Nc6 {[%clk 0:02:05]} 13. Nbd2
{[%clk 0:02:55]} Rc8 {[%clk 0:01:58]} 14. Qe2 {[%clk 0:02:53]} Na5
{[%clk 0:01:52]} 15. Ba6 {[%clk 0:02:35]} Bxa6 {[%clk 0:01:41]} 16. Qxa6
{[%clk 0:02:36]} Qd7 {[%clk 0:01:41]} 17. Qb5 {[%clk 0:02:31]} Qb7
{[%clk 0:01:37]} 18. h4 {[%clk 0:02:22]} Rfe8 {[%clk 0:01:38]} 19. h5
{[%clk 0:02:22]} Qc6 {[%clk 0:01:33]} 20. Qd3 {[%clk 0:02:13]} Nc4
{[%clk 0:01:27]} 21. hxg6 {[%clk 0:02:10]} hxg6 {[%clk 0:01:29]} 22. Nxc4
{[%clk 0:02:11]} Qxc4 {[%clk 0:01:30]} 23. Qe4 {[%clk 0:02:12]} a6
{[%clk 0:00:57]} 24. Nd2 {[%clk 0:02:00]} Qc6 {[%clk 0:00:54]} 25. Qe2
{[%clk 0:01:58]} Qb7 {[%clk 0:00:54]} 26. Ne4 {[%clk 0:01:56]} b5
{[%clk 0:00:53]} 27. axb5 {[%clk 0:01:57]} axb5 {[%clk 0:00:54]} 28. Ng5
{[%clk 0:01:40]} Nf6 {[%clk 0:00:50]} 29. Nf3 {[%clk 0:01:18]} Nh5
{[%clk 0:00:41]} 30. Bh2 {[%clk 0:01:16]} b4 {[%clk 0:00:39]} 31. c4
{[%clk 0:01:16]} Nf6 {[%clk 0:00:28]} 32. b3 {[%clk 0:01:17]} Kf8
{[%clk 0:00:24]} 33. Bf4 {[%clk 0:01:18]} Nh5 {[%clk 0:00:24]} 34. Bg5
{[%clk 0:01:17]} Nf6 {[%clk 0:00:24]} 35. Qe3 {[%clk 0:01:16]} Ra8
{[%clk 0:00:22]} 36. Bh6 {[%clk 0:01:14]} Rxa1 {[%clk 0:00:17]} 37. Rxa1
{[%clk 0:01:12]} Kg8 {[%clk 0:00:17]} 38. Bf4 {[%clk 0:01:10]} Bf8
{[%clk 0:00:14]} 39. Re1 {[%clk 0:01:07]} Ra8 {[%clk 0:00:15]} 40. Bg5
{[%clk 0:01:07]} Ra3 {[%clk 0:00:13]} 41. Bxf6 {[%clk 0:01:05]} exf6
{[%clk 0:00:14]} 42. Nd2 {[%clk 0:01:04]} Ra2 {[%clk 0:00:14]} 43. Ne4
{[%clk 0:01:04]} Qe7 {[%clk 0:00:09]} 44. Qc1 {[%clk 0:00:28]} f5
{[%clk 0:00:07]} 45. Nc3 {[%clk 0:00:23]} Qa7 {[%clk 0:00:06]} 46. Nd5
{[%clk 0:00:23]} Qxd4 {[%clk 0:00:05]} 47. Qe3 {[%clk 0:00:14]} Qxe3
{[%clk 0:00:06]} 48. Rxe3 {[%clk 0:00:15]} Ra1+ {[%clk 0:00:05]} 49. Kh2
{[%clk 0:00:16]} Bg7 {[%clk 0:00:06]} 50. Nxb4 {[%clk 0:00:15]} Be5+
{[%clk 0:00:08]} 51. g3 {[%clk 0:00:14]} f4 {[%clk 0:00:09]} 52. Rd3
{[%clk 0:00:13]} fxg3+ 53. fxg3 Ra2+ 1-0

[Event "Russian Blitz Team Championship (m)"]
[Site "Sochi"]
[Date "2022.10.17"]
[Round "13.13"]
[White "Kezin, Roman"]
[Black "Alekseev, Evgeny"]
[Result "1/2-1/2"]
[BlackElo "2579"]
[WhiteElo "2503"]
[LiveChessVersion "1.4.8"]

1. d4 {[%clk 0:03:03]} Nf6 {[%clk 0:03:03]} 2. c4 {[%clk 0:03:04]} e6
{[%clk 0:03:04]} 3. Nf3 {[%clk 0:03:05]} d5 {[%clk 0:03:05]} 4. g3
{[%clk 0:03:06]} Bb4+ {[%clk 0:03:05]} 5. Bd2 {[%clk 0:03:07]} Be7
{[%clk 0:03:06]} 6. Bg2 {[%clk 0:03:09]} O-O {[%clk 0:03:06]} 7. O-O
{[%clk 0:03:09]} c6 {[%clk 0:03:06]} 8. Qc2 {[%clk 0:03:10]} b6 {[%clk 0:03:03]}
9. Bf4 {[%clk 0:03:11]} Nbd7 {[%clk 0:03:02]} 10. Nbd2 {[%clk 0:03:12]} Ba6
{[%clk 0:03:00]} 11. Rfc1 {[%clk 0:01:41]} Nh5 {[%clk 0:02:43]} 12. e3
{[%clk 0:01:20]} Rc8 {[%clk 0:02:20]} 13. h4 {[%clk 0:01:18]} Nxf4
{[%clk 0:02:10]} 14. exf4 {[%clk 0:01:19]} Bb7 {[%clk 0:01:56]} 15. cxd5
{[%clk 0:01:14]} cxd5 {[%clk 0:01:49]} 16. Qd3 {[%clk 0:01:10]} Bd6
{[%clk 0:01:43]} 17. Nf1 {[%clk 0:01:06]} Qe7 {[%clk 0:01:25]} 18. Ne3
{[%clk 0:01:03]} Rfd8 {[%clk 0:01:08]} 1/2-1/2

[Event "Russian Blitz Team Championship (m)"]
[Site "Sochi"]
[Date "2022.10.17"]
[Round "13.14"]
[White "Shubin, Kirill"]
[Black "Obgolts, Erik"]
[Result "1-0"]
[BlackElo "2407"]
[WhiteElo "2416"]
[LiveChessVersion "1.4.8"]

1. e4 {[%clk 0:03:03]} c6 {[%clk 0:03:02]} 2. d4 {[%clk 0:03:05]} d5
{[%clk 0:03:03]} 3. exd5 {[%clk 0:03:06]} cxd5 4. Bd3 Nf6 {[%clk 0:03:05]} 5. c3
{[%clk 0:03:09]} Bg4 {[%clk 0:03:01]} 6. Qb3 {[%clk 0:03:10]} Qc7
{[%clk 0:02:57]} 7. h3 {[%clk 0:03:11]} Bh5 {[%clk 0:02:58]} 8. Ne2
{[%clk 0:03:10]} Bxe2 {[%clk 0:02:58]} 9. Bxe2 {[%clk 0:03:11]} Nc6
{[%clk 0:02:47]} 10. Nd2 {[%clk 0:03:10]} e6 {[%clk 0:02:47]} 11. Nf3
{[%clk 0:03:10]} Bd6 {[%clk 0:02:48]} 12. O-O {[%clk 0:03:09]} O-O
{[%clk 0:02:48]} 13. Re1 {[%clk 0:03:08]} a6 {[%clk 0:02:46]} 14. a4
{[%clk 0:03:08]} Rae8 {[%clk 0:02:40]} 15. Bd3 {[%clk 0:03:05]} h6
{[%clk 0:02:37]} 16. Bd2 {[%clk 0:03:02]} e5 {[%clk 0:02:14]} 17. dxe5
{[%clk 0:03:02]} Nxe5 {[%clk 0:02:15]} 18. Nxe5 {[%clk 0:03:00]} Bxe5
{[%clk 0:02:16]} 19. Be3 {[%clk 0:02:58]} Bh2+ {[%clk 0:02:13]} 20. Kh1
{[%clk 0:02:47]} Bf4 {[%clk 0:02:11]} 21. Bd4 {[%clk 0:02:44]} Be5
{[%clk 0:01:29]} 22. Bxe5 {[%clk 0:02:18]} Rxe5 {[%clk 0:01:29]} 23. Rxe5
{[%clk 0:02:17]} Qxe5 24. Qxb7 {[%clk 0:02:09]} a5 {[%clk 0:00:59]} 25. Qa7
{[%clk 0:01:53]} g5 {[%clk 0:00:47]} 26. Qxa5 {[%clk 0:01:34]} g4
{[%clk 0:00:45]} 27. Qc5 {[%clk 0:01:28]} h5 {[%clk 0:00:13]} 28. Qd4
{[%clk 0:01:26]} Qg5 {[%clk 0:00:13]} 29. a5 {[%clk 0:01:21]} Ra8
{[%clk 0:00:11]} 30. a6 {[%clk 0:01:21]} h4 {[%clk 0:00:11]} 31. Re1
{[%clk 0:01:12]} Kh8 {[%clk 0:00:09]} 32. Qe5 {[%clk 0:01:06]} Qg7
{[%clk 0:00:06]} 33. a7 {[%clk 0:01:04]} g3 {[%clk 0:00:05]} 34. fxg3
{[%clk 0:00:57]} hxg3 {[%clk 0:00:06]} 35. Rf1 {[%clk 0:00:48]} Ne4
{[%clk 0:00:05]} 36. Qh5+ {[%clk 0:00:47]} Kg8 {[%clk 0:00:06]} 37. Qxd5
{[%clk 0:00:48]} 1-0

[Event "Russian Blitz Team Championship (m)"]
[Site "Sochi"]
[Date "2022.10.17"]
[Round "13.15"]
[White "Khubukshanov, Erdem"]
[Black "Pershin, Denis"]
[Result "1-0"]
[BlackElo "2300"]
[WhiteElo "2377"]
[LiveChessVersion "1.4.8"]

1. e4 {[%clk 0:03:02]} c6 {[%clk 0:03:04]} 2. d4 {[%clk 0:03:03]} d5
{[%clk 0:03:05]} 3. e5 {[%clk 0:03:04]} Bf5 {[%clk 0:03:07]} 4. h4
{[%clk 0:03:05]} h5 {[%clk 0:03:08]} 5. c4 {[%clk 0:03:06]} e6 {[%clk 0:03:08]}
6. Nc3 {[%clk 0:03:08]} Ne7 {[%clk 0:03:06]} 7. Nge2 {[%clk 0:03:06]} Nd7
{[%clk 0:03:01]} 8. Ng3 {[%clk 0:03:07]} Bg6 {[%clk 0:03:01]} 9. Bd3
{[%clk 0:03:07]} dxc4 {[%clk 0:02:44]} 10. Bxc4 {[%clk 0:03:06]} Nb6
{[%clk 0:02:38]} 11. Be2 {[%clk 0:03:06]} Ned5 {[%clk 0:02:38]} 12. Bg5
{[%clk 0:02:49]} Be7 {[%clk 0:02:38]} 13. Nce4 {[%clk 0:02:49]} f6
{[%clk 0:02:32]} 14. exf6 {[%clk 0:02:48]} gxf6 {[%clk 0:02:33]} 15. Bd2
{[%clk 0:02:38]} Qc7 {[%clk 0:02:31]} 16. Bxh5 {[%clk 0:01:35]} Bxh5
{[%clk 0:02:01]} 17. Nxh5 {[%clk 0:01:35]} O-O-O {[%clk 0:02:01]} 18. Qe2
{[%clk 0:01:31]} e5 {[%clk 0:01:52]} 19. dxe5 {[%clk 0:01:15]} Qxe5
{[%clk 0:01:53]} 20. Neg3 {[%clk 0:01:14]} Qxb2 {[%clk 0:01:37]} 21. O-O
{[%clk 0:01:10]} Bd6 {[%clk 0:01:19]} 22. Ne4 {[%clk 0:01:06]} Bc7
{[%clk 0:01:11]} 23. g3 {[%clk 0:00:40]} Qe5 {[%clk 0:01:05]} 24. Nf4
{[%clk 0:00:38]} f5 {[%clk 0:00:48]} 25. Ng6 {[%clk 0:00:17]} Qxe4
{[%clk 0:00:47]} 26. Qxe4 {[%clk 0:00:17]} fxe4 {[%clk 0:00:48]} 27. Nxh8
{[%clk 0:00:18]} Rxh8 {[%clk 0:00:45]} 28. Rfe1 {[%clk 0:00:18]} Nc4
{[%clk 0:00:41]} 29. Bg5 {[%clk 0:00:19]} Ne5 {[%clk 0:00:34]} 30. Rxe4
{[%clk 0:00:19]} Nf3+ {[%clk 0:00:35]} 31. Kg2 {[%clk 0:00:20]} Nxg5
{[%clk 0:00:33]} 32. hxg5 {[%clk 0:00:21]} b5 {[%clk 0:00:24]} 33. f4
{[%clk 0:00:21]} c5 {[%clk 0:00:16]} 34. g6 {[%clk 0:00:18]} Nf6 {[%clk 0:00:16]}
35. Re6 {[%clk 0:00:18]} Bd8 {[%clk 0:00:09]} 36. Rc6+ {[%clk 0:00:19]} Kd7
{[%clk 0:00:10]} 37. Rxc5 {[%clk 0:00:19]} a6 {[%clk 0:00:09]} 38. Rd1+
{[%clk 0:00:20]} Ke7 {[%clk 0:00:06]} 39. Re5+ {[%clk 0:00:20]} 1-0

[Event "Russian Blitz Team Championship (m)"]
[Site "Sochi"]
[Date "2022.10.17"]
[Round "13.16"]
[White "Timerkhanov, Alexander"]
[Black "Bocharov, Dmitry"]
[Result "0-1"]
[BlackElo "2484"]
[WhiteElo "2272"]
[LiveChessVersion "1.4.8"]

1. d4 {[%clk 0:03:02]} d5 {[%clk 0:03:03]} 2. Bf4 {[%clk 0:03:03]} Nf6
{[%clk 0:03:03]} 3. e3 {[%clk 0:03:04]} c5 {[%clk 0:03:02]} 4. c3
{[%clk 0:03:05]} Nc6 {[%clk 0:03:02]} 5. Nd2 {[%clk 0:03:06]} Bf5
{[%clk 0:03:03]} 6. Qb3 {[%clk 0:03:05]} Qc8 {[%clk 0:03:03]} 7. Ngf3
{[%clk 0:02:59]} e6 {[%clk 0:03:03]} 8. Be2 {[%clk 0:02:55]} Be7 {[%clk 0:03:01]}
9. O-O {[%clk 0:02:48]} O-O {[%clk 0:03:00]} 10. h3 {[%clk 0:02:46]} h6
{[%clk 0:02:57]} 11. Ne5 {[%clk 0:02:43]} c4 {[%clk 0:02:56]} 12. Qd1
{[%clk 0:02:43]} b5 {[%clk 0:02:56]} 13. a3 {[%clk 0:02:38]} a5 {[%clk 0:02:37]}
14. g4 {[%clk 0:02:26]} Bh7 {[%clk 0:02:36]} 15. h4 {[%clk 0:02:15]} Nxe5
{[%clk 0:02:34]} 16. Bxe5 {[%clk 0:02:16]} Nd7 {[%clk 0:02:02]} 17. Bg3
{[%clk 0:02:15]} Qd8 {[%clk 0:02:02]} 18. h5 {[%clk 0:01:57]} b4 {[%clk 0:02:01]}
19. axb4 {[%clk 0:01:56]} axb4 {[%clk 0:02:02]} 20. Rxa8 {[%clk 0:01:50]} Qxa8
{[%clk 0:02:03]} 21. e4 {[%clk 0:01:01]} bxc3 {[%clk 0:01:58]} 22. bxc3
{[%clk 0:01:02]} Qa5 {[%clk 0:01:59]} 23. exd5 {[%clk 0:00:51]} exd5
{[%clk 0:01:59]} 24. Qa1 {[%clk 0:00:52]} Qb5 {[%clk 0:01:51]} 25. Nf3
{[%clk 0:00:36]} Re8 {[%clk 0:01:37]} 26. Ne5 {[%clk 0:00:33]} Nf6
{[%clk 0:01:16]} 27. Bf3 {[%clk 0:00:33]} Bf8 {[%clk 0:01:13]} 28. Qa7
{[%clk 0:00:26]} Re7 {[%clk 0:01:10]} 29. Qa8 {[%clk 0:00:26]} Ne4
{[%clk 0:01:09]} 30. Bxe4 {[%clk 0:00:23]} Bxe4 {[%clk 0:01:10]} 31. f3
{[%clk 0:00:22]} Bd3 {[%clk 0:01:10]} 32. Nxd3 {[%clk 0:00:21]} cxd3
{[%clk 0:01:10]} 33. Rd1 {[%clk 0:00:13]} Re2 {[%clk 0:01:05]} 34. Bd6
{[%clk 0:00:10]} Re8 {[%clk 0:01:05]} 35. Qa3 {[%clk 0:00:11]} Bxd6
{[%clk 0:01:03]} 36. Qxd6 {[%clk 0:00:12]} Qb3 {[%clk 0:01:02]} 37. Rd2
{[%clk 0:00:05]} Qxc3 {[%clk 0:00:57]} 38. Qf4 {[%clk 0:00:06]} Qc1+
{[%clk 0:00:57]} 39. Kf2 {[%clk 0:00:06]} Re2+ {[%clk 0:00:57]} 0-1